How to market your business : (Record no. 4241)

MARC details
000 -LEADER
fixed length control field 00777nam a22002177a 4500
003 - CONTROL NUMBER IDENTIFIER
control field OSt
005 - DATE AND TIME OF LATEST TRANSACTION
control field 20250826025923.0
008 - FIXED-LENGTH DATA ELEMENTS--GENERAL INFORMATION
fixed length control field 250826b |||||||| |||| 00| 0 eng d
020 ## - INTERNATIONAL STANDARD BOOK NUMBER
International Standard Book Number 978-0-7494-5145-5.
040 ## - CATALOGING SOURCE
Original cataloging agency DWC-Main Lib.
Transcribing agency OC
082 ## - DEWEY DECIMAL CLASSIFICATION NUMBER
Edition number 6th ed.
100 ## - MAIN ENTRY--PERSONAL NAME
Personal name PATTEN, DAVE
245 ## - TITLE STATEMENT
Title How to market your business :
Remainder of title a practical guide to advertising, PR, selling and direct and online marketing/
Statement of responsibility, etc. PATTEN, DAVE
260 ## - PUBLICATION, DISTRIBUTION, ETC.
Place of publication, distribution, etc. London :
Name of publisher, distributor, etc. Kogan Page,
Date of publication, distribution, etc. c2008.
300 ## - PHYSICAL DESCRIPTION
Extent vii, 262 p. :
Other physical details ill. ;
Dimensions 23 cm.
490 ## - SERIES STATEMENT
Series statement The Sunday Times Business Enterprise Series.
504 ## - BIBLIOGRAPHY, ETC. NOTE
Bibliography, etc. note Includes bibliographical references and index.
650 ## - SUBJECT ADDED ENTRY--TOPICAL TERM
Topical term or geographic name entry element 1. Marketing-Management.
650 ## - SUBJECT ADDED ENTRY--TOPICAL TERM
Topical term or geographic name entry element 2. Small business-Marketing.
942 ## - ADDED ENTRY ELEMENTS (KOHA)
Source of classification or shelving scheme Dewey Decimal Classification
Koha item type Book Circulation
Edition 6th ed.
Classification part Circ.
Suppress in OPAC No
952 ## - LOCATION AND ITEM INFORMATION (KOHA)
--
Holdings
Withdrawn status Lost status Source of classification or shelving scheme Damaged status Not for loan Home library Current library Shelving location Date acquired Source of acquisition Total Checkouts Full call number Barcode Date last seen Copy number Price effective from Koha item type Uniform Resource Identifier
    Dewey Decimal Classification     College Library College Library Circulation 06/19/2009 School Fund   Circ. 658.8 P316h 2008 CL46627 08/26/2025 c1 08/26/2025 BK-CIRC